[Event "B"]
[Site ""]
[Date "2009.01.31"]
[Round "1.3"]
[White "Kuzin, Sergey"]
[Black "Orlov, Oleg"]
[Result "0-1"]
[WhiteElo "2037"]
[BlackElo "2299"]
[Annotator ""]
[Source ""]
[Remark ""]

1.d4 Nf6 2.c4 c5 3.d5 e5 4.Nc3 d6 5.g3 g6 6.Bg2 Bg7 7.Nf3 O-O
8.O-O Ne8 9.e4 f5 10.a3 Nf6 11.Ne1 Nbd7 12.Nd3 Nxe4 13.Bxe4 fxe4
14.Nxe4 Nf6 15.Bg5 Bh3 16.Re1 Qd7 17.Bxf6 Bxf6 18.f3 Bf5 19.Ndf2
Be7 20.Re3 Qc7 21.Rc1 Bd7 22.Qc2 Rfc8 23.b4 b6 24.b5 a6 25.a4
axb5 26.axb5 Ra7 27.Ree1 Ra3 28.Kg2 Rf8 29.Qe2 Qa7 30.Rc3 Qa4
31.Rxa3 Qxa3 32.Rd1 Ra8 33.Rd3 Qb4 34.Rd2 Ra4 35.Rc2 Ra5 36.Rb2
Qa3 37.Rd2 Bf5 38.Rd3 Qb4 39.Rd2 Ra1 40.Ra2 Qb1 41.Rxa1 Qxa1
42.Qd1 Qb2 43.Qf1 h5 44.Qd1 Qa2 45.Qc1 h4 46.Ng5 Bd3 47.Ne6 h3+
48.Kg1 Bxc4 49.Nxh3 Bxd5 50.Neg5 Qe2 51.Qb1 Kg7 52.Qf1 Qe3+ 0-1

[Event "B"]
[Site ""]
[Date "2009.01.31"]
[Round "1.4"]
[White "Benza, Artem"]
[Black "Malov, Lev"]
[Result "1-0"]
[WhiteElo "2298"]
[BlackElo "2036"]
[Annotator ""]
[Source ""]
[Remark ""]

1.e4 Nc6 2.Nc3 e6 3.d4 Bb4 4.a3 Bxc3+ 5.bxc3 d5 6.e5 f6 7.exf6
Nxf6 8.Nf3 O-O 9.Bd3 Qd6 10.Qe2 Re8 11.Ne5 Qf8 12.O-O Nxe5 13.dxe5
Nd7 14.Qh5 h6 15.Bxh6 Nxe5 16.Bxg7 Kxg7 17.Qxe5+ Qf6 18.Qxc7+
Re7 19.Qg3+ Kf8 20.c4 d4 21.Rae1 e5 22.f4 e4 23.Rxe4 Rg7 24.Qe1
Bf5 25.Re5 Bxd3 26.cxd3 Qg6 27.Qe2 Rd8 28.f5 Qf7 29.f6 Rg6 30.Re7 1-0

[Event "B"]
[Site ""]
[Date "2009.01.31"]
[Round "1.5"]
[White "Matsokina, Evgenia"]
[Black "Dibrov, Ilya"]
[Result "0-1"]
[WhiteElo "2036"]
[BlackElo "2298"]
[Annotator ""]
[Source ""]
[Remark ""]

1.d4 d5 2.c4 e6 3.Nc3 Nf6 4.Bg5 c6 5.Nf3 h6 6.Bh4 dxc4 7.e4 g5
8.Bg3 b5 9.e5 Nd5 10.a4 Bb4 11.Qc2 Qa5 12.Rc1 Nd7 13.Nd2 N7b6
14.axb5 cxb5 15.Be2 Bb7 16.Bf3 Be7 17.O-O Nb4 18.Qd1 N6d5 19.Be4
Qb6 20.Qf3 a6 21.Ne2 h5 22.h3 Nc6 23.Rfd1 Rd8 24.b3 c3 25.Nc4
bxc4 26.bxc4 Nf4 27.Bxf4 gxf4 28.c5 Qc7 29.Rb1 c2 30.Bxc2 Nb4
31.Ba4+ Kf8 32.c6 Bxc6 33.Qc3 Qd7 34.Bxc6 Qxc6 35.Qd2 Qc2 36.Nxf4
Qxd2 37.Rxd2 Kg7 38.Rb3 h4 39.g3 a5 40.gxh4 Rxh4 41.Rg3+ Kf8
42.Ne2 Nc6 43.f4 Nxd4 44.Nxd4 Rxd4 45.Rxd4 Bc5 46.Rgd3 Rxf4 0-1

[Event "B"]
[Site ""]
[Date "2009.01.31"]
[Round "1.6"]
[White "Kutuzov, Denis"]
[Black "Gainullin, Yakov"]
[Result "1-0"]
[WhiteElo "2298"]
[BlackElo "2034"]
[Annotator ""]
[Source ""]
[Remark ""]

1.e4 c5 2.Nf3 d6 3.c3 Nf6 4.h3 Nbd7 5.Bd3 Qc7 6.O-O a6 7.Re1
b5 8.a4 c4 9.Bc2 Bb7 10.axb5 axb5 11.Rxa8+ Bxa8 12.Na3 Bc6 13.Nd4
Qb7 14.Nxc6 Qxc6 15.d3 Nb6 16.dxc4 bxc4 17.Be3 Nfd7 18.e5 e6
19.exd6 Qxd6 20.Qf3 Qe5 21.Rd1 Bc5 22.Nxc4 Nxc4 23.Qa8+ Ke7 24.Bxc5+
Qxc5 25.Qxh8 Nxb2 26.Rxd7+ Kxd7 27.Qxg7 Ke7 28.Bxh7 Nd1 29.Qd4
Qxd4 30.cxd4 Nc3 31.Bd3 Na2 32.Kf1 Kd6 33.Ke2 Nb4 34.Ke3 Nd5+
35.Kf3 Nb4 36.Bb1 Nc6 37.Ke3 f5 38.h4 Nb4 39.Kf4 Ke7 40.Kg5 Kf7
41.h5 Nd5 42.f3 Ne7 43.Ba2 Ng8 44.d5 1-0

[Event "B"]
[Site ""]
[Date "2009.01.31"]
[Round "1.7"]
[White "Smagin, Nikita"]
[Black "Kleiman, B"]
[Result "1/2-1/2"]
[WhiteElo "2034"]
[BlackElo "2295"]
[Annotator ""]
[Source ""]
[Remark ""]

1.d4 d5 2.c4 c6 3.Nf3 Nf6 4.Nc3 e6 5.e3 Nbd7 6.Bd3 dxc4 7.Bxc4
b5 8.Bd3 Bb7 9.O-O a6 10.e4 c5 11.e5 cxd4 12.Nxb5 axb5 13.exf6
Qb6 14.fxg7 Bxg7 15.Qe2 Bc6 16.Bf4 Qb7 17.Rac1 O-O 18.Rfe1 Rfc8
19.a3 Nf8 20.Bg3 b4 21.Bd6 bxa3 22.bxa3 Ng6 23.Red1 Rd8 24.Bxg6
hxg6 25.Bb4 Bb5 26.Qd2 e5 27.Rc5 e4 28.Ne5 Rd5 29.Rxd5 Qxd5 30.Ng4
Rc8 31.Qf4 Qf5 32.Nh6+ Bxh6 33.Qxh6 Rc2 34.Qh4 g5 35.Qg3 e3 36.Be1
Bc6 37.h4 d3 38.Qxe3 gxh4 39.Rxd3 Qg6 40.g3 Qg4 41.Rd8+ Kh7 42.Qe7
Qf3 43.Qxh4+ Kg6 44.Rg8+ Kf5 45.Qg5+ Ke6 46.Qe3+ Qxe3 47.fxe3 1/2-1/2

[Event "B"]
[Site ""]
[Date "2009.01.31"]
[Round "1.9"]
[White "Lagoda, Vladimir"]
[Black "Kavalenia, Leonid"]
[Result "0-1"]
[WhiteElo "2032"]
[BlackElo "2295"]
[Annotator ""]
[Source ""]
[Remark ""]

1.e4 e6 2.d4 d5 3.Nc3 Bb4 4.Bd2 dxe4 5.Qg4 Qxd4 6.O-O-O f5 7.Qg3
Bd6 8.Bf4 Bxf4+ 9.Qxf4 Qc5 10.f3 Nf6 11.fxe4 e5 12.Qg5 O-O 13.exf5
h6 14.Qh4 Bxf5 15.Qc4+ Qxc4 16.Bxc4+ Kh8 17.Nf3 Nc6 18.h3 Rae8
19.g4 Bh7 20.Rhf1 e4 21.Nd4 Nxd4 22.Rxd4 c6 23.Rd6 Re5 24.Rfd1
b5 25.Re6 Rxe6 26.Bxe6 b4 27.Ne2 e3 28.Ng3 Ne4 29.Nf5 Ng5 30.Bd7
Bxf5 31.gxf5 Nf3 32.Bxc6 e2 33.Bxf3 exd1Q+ 34.Kxd1 Rxf5 35.Bg4
Rd5+ 36.Ke2 h5 37.Bf3 Ra5 38.a3 bxa3 39.bxa3 Rxa3 0-1

[Event "B"]
[Site ""]
[Date "2009.01.31"]
[Round "1.10"]
[White "Kovtunenko, Alexandr"]
[Black "Pylaev, Evgenij"]
[Result "1-0"]
[WhiteElo "2294"]
[BlackElo "2032"]
[Annotator ""]
[Source ""]
[Remark ""]

1.e4 c5 2.Nf3 d6 3.d4 cxd4 4.Nxd4 Nf6 5.Nc3 a6 6.Bg5 e6 7.f4
Be7 8.Qf3 O-O 9.O-O-O Qc7 10.Bd3 Nbd7 11.Nb3 b5 12.e5 Bb7 13.Qh3
dxe5 14.Bxh7+ Nxh7 15.Bxe7 Rfc8 16.fxe5 a5 17.Bd6 Qc6 18.Nd4
Qb6 19.Rhf1 b4 20.Na4 Qd8 21.Kb1 Bd5 22.Qh5 g6 23.Qh3 Qg5 24.Rxf7
Ndf8 25.Rf2 Ra7 26.Nb6 Re8 27.Nxd5 exd5 28.Qf3 Qh5 29.g4 Qh4
30.Qxd5+ Kg7 31.Rdf1 Qh3 32.Rf3 Qxg4 33.Rf7+ Rxf7 34.Qxf7+ Kh6
35.Qxe8 Qxd4 36.Bxf8+ 1-0

[Event "B"]
[Site ""]
[Date "2009.01.31"]
[Round "1.11"]
[White "Remizov, Alexander"]
[Black "Krivonos, Nikolay"]
[Result "0-1"]
[WhiteElo "2032"]
[BlackElo "2294"]
[Annotator ""]
[Source ""]
[Remark ""]

1.d4 Nf6 2.Nf3 g6 3.Bg5 Bg7 4.Nbd2 d5 5.e3 O-O 6.Be2 c6 7.O-O
Nbd7 8.c4 b6 9.Rc1 Bb7 10.Qb3 h6 11.Bh4 e6 12.Ne5 g5 13.Bg3 Ne4
14.Nxe4 dxe4 15.Nxd7 Qxd7 16.c5 b5 17.Bd6 Rfd8 18.f3 exf3 19.Rxf3
Kh8 20.Rcf1 f5 21.Qd3 Qe8 22.e4 Bc8 23.Re3 f4 24.Rh3 e5 25.Bh5
Qg8 26.Rhf3 Be6 27.b3 exd4 28.e5 a5 29.Bg6 a4 30.Bf5 axb3 31.axb3
Ra7 32.Be4 Rc8 33.Rb1 Ra3 34.Bf5 Rca8 35.Bxe6 Qxe6 36.Qxd4 Ra2
37.Qe4 Rd2 38.Rf2 Rd5 39.Re2 Kg8 40.h3 Ra6 41.Kh2 Ra3 42.Qb4
Ra8 43.Qe4 Bf8 44.b4 Bg7 45.Rf1 Ra3 46.Rf3 Ra1 47.Rd3 Rxd3 48.Qxd3
g4 49.hxg4 Qxg4 50.e6 Qh5+ 51.Qh3 Qxe2 52.Qf5 Ra8 53.Qf7+ Kh8
54.e7 f3 55.Qxf3 Qxf3 56.gxf3 Kg8 0-1

[Event "B"]
[Site ""]
[Date "2009.01.31"]
[Round "1.12"]
[White "Kalinin, Anatoly"]
[Black "Piskov, Vladimir"]
[Result "1-0"]
[WhiteElo "2293"]
[BlackElo "2030"]
[Annotator ""]
[Source ""]
[Remark ""]

1.d4 d5 2.Nf3 c5 3.c3 Bf5 4.dxc5 e6 5.Nd4 Bxb1 6.Rxb1 Bxc5 7.b4
Bd6 8.e3 Nd7 9.c4 Rc8 10.cxd5 exd5 11.Nf5 Qf6 12.Bd3 Be5 13.O-O
Nh6 14.f4 Bc3 15.Nxh6 Qxh6 16.Bf5 Qd6 17.Qd3 g6 18.Bg4 d4 19.Rd1
O-O 20.exd4 Rfd8 21.Be3 Bxb4 22.Qb5 a5 23.Qxb7 Rc3 24.Bf2 Nf6
25.Be2 Qxf4 26.Rf1 Ne4 27.g3 Qb8 28.Qxe4 Re8 29.Qd5 Rxe2 30.Be1
Qe8 31.Bxc3 Bxc3 32.Rbd1 Kg7 33.Rd3 Bd2 34.a3 f5 35.Qb7+ Kh6
36.Qf3 Bg5 37.d5 Re4 38.d6 Qd7 39.Rfd1 Bf6 40.Rd5 Re6 41.Rxa5
Rxd6 42.Qf4+ 1-0

[Event "B"]
[Site ""]
[Date "2009.01.31"]
[Round "1.13"]
[White "Denishev, Marat"]
[Black "Yuferev, Oleg"]
[Result "0-1"]
[WhiteElo "2028"]
[BlackElo "2293"]
[Annotator ""]
[Source ""]
[Remark ""]

1.d4 d5 2.c4 dxc4 3.Nf3 Nf6 4.e3 a6 5.a4 Bg4 6.Bxc4 e6 7.O-O
Nc6 8.Nc3 Bb4 9.Bd2 O-O 10.Qc2 Bxf3 11.gxf3 e5 12.dxe5 Nxe5 13.Be2
Qd7 14.f4 Ng6 15.Ne4 Nxe4 16.Bxb4 Rfe8 17.Bf3 Nh4 18.Bxe4 Rxe4
19.Qxe4 Qh3 20.Qxb7 Nf3+ 21.Qxf3 Qxf3 22.Rfd1 h5 23.Be7 f6 0-1

[Event "B"]
[Site ""]
[Date "2009.01.31"]
[Round "1.15"]
[White "Zhdanov, Vladimir"]
[Black "Velikanov, Igor"]
[Result "1-0"]
[WhiteElo "2025"]
[BlackElo "2292"]
[Annotator ""]
[Source ""]
[Remark ""]

1.e4 c5 2.Nf3 Nc6 3.c3 e6 4.d4 d5 5.e5 Qb6 6.a3 Nh6 7.Bd3 cxd4
8.cxd4 Bd7 9.Bc2 Rc8 10.Nc3 Na5 11.O-O Nc4 12.Na4 Qc6 13.Ne1
b5 14.Nc3 Nxa3 15.Bd3 a6 16.Ne2 Nc4 17.b3 Nb6 18.Rxa6 Ra8 19.Rxa8+
Qxa8 20.Bg5 Nf5 21.g4 Be7 22.gxf5 Bxg5 23.f4 Bh6 24.Ng3 exf5
25.Nxf5 Bxf5 26.Bxf5 O-O 27.Qd3 g6 28.Bh3 Qc6 29.f5 Nc8 30.e6
Qc1 31.Ng2 Qg5 32.fxg6 Qxg6 33.Bf5 Qg5 34.Bxh7+ Kg7 35.exf7 Rxf7
36.Rxf7+ Kxf7 37.Qxb5 Kg7 38.Bd3 Ne7 39.h4 Qc1+ 40.Bf1 Be3+ 41.Kh1
Bxd4 42.Qd3 Bf6 43.b4 Ng6 44.h5 Ne5 45.Qf5 d4 46.Kh2 d3 47.Bxd3
Nxd3 48.Qg6+ 1-0

[Event "B"]
[Site ""]
[Date "2009.01.31"]
[Round "1.16"]
[White "Konenkin, Dmitry"]
[Black "Babaev, Mikhail"]
[Result "1-0"]
[WhiteElo "2289"]
[BlackElo "2023"]
[Annotator ""]
[Source ""]
[Remark ""]

1.d4 d5 2.Bg5 c6 3.e3 Qb6 4.Qc1 Bf5 5.c4 Bxb1 6.Rxb1 dxc4 7.Qc3
e6 8.a3 Nd7 9.Bxc4 Ngf6 10.f3 Be7 11.Ne2 Nd5 12.Bxd5 Bxg5 13.Ba2
O-O 14.Rd1 c5 15.dxc5 Nxc5 16.f4 Na4 17.Qd4 Bh4+ 18.g3 Rfd8 19.Qxb6
Rxd1+ 20.Kxd1 axb6 21.gxh4 Nxb2+ 22.Kc2 Na4 23.Rd1 Nc5 24.Nc3
Kf8 25.Kb2 Ke7 26.Bb3 b5 27.Bc2 h6 28.Ne4 Nd7 29.Bb3 e5 30.Bd5 1-0

[Event "B"]
[Site ""]
[Date "2009.01.31"]
[Round "1.17"]
[White "Yusubov, Timur"]
[Black "Artamonov, Valery"]
[Result "0-1"]
[WhiteElo "2023"]
[BlackElo "2289"]
[Annotator ""]
[Source ""]
[Remark ""]

1.Nc3 c5 2.f4 d5 3.Nf3 Nc6 4.e3 d4 5.Ne4 Nf6 6.d3 Nd5 7.exd4
cxd4 8.Be2 g6 9.O-O Bg7 10.Qe1 Qc7 11.Bd2 f5 12.Neg5 Nxf4 13.Nh4
Nxe2+ 14.Qxe2 Qe5 15.Qf2 O-O 16.Rae1 Qf6 17.g4 h6 18.Nh3 f4 19.Ng2
g5 20.Qf3 Ne5 21.Qd5+ e6 22.Qe4 Qg6 23.Bb4 Rf7 24.Bc5 f3 25.Qxd4
Nc6 0-1

[Event "B"]
[Site ""]
[Date "2009.01.31"]
[Round "1.20"]
[White "Timofeev, Vladimir F"]
[Black "Orekhovsky, Vasily"]
[Result "1-0"]
[WhiteElo "2288"]
[BlackElo "2016"]
[Annotator ""]
[Source ""]
[Remark ""]

1.e4 c5 2.Nf3 d6 3.Nc3 Nf6 4.d4 cxd4 5.Nxd4 a6 6.g3 e5 7.Nde2
Be6 8.Bg2 b5 9.a3 Nbd7 10.O-O Be7 11.h3 Nb6 12.f4 Bc4 13.b3 Bxe2
14.Qxe2 O-O 15.Bb2 Rc8 16.Rad1 Qc7 17.Kh2 Rfd8 18.Rd3 Qc5 19.Bc1
a5 20.Be3 Qc6 21.Qf2 Nbd7 22.b4 axb4 23.axb4 Ra8 24.Nd5 Nxd5
25.exd5 Qc4 26.fxe5 Nxe5 27.Rd4 Qc7 28.Rf4 Rf8 29.Bd4 Ng6 30.Rxf7
Ne5 31.Bxe5 dxe5 32.d6 Qxd6 33.Bxa8 Rxa8 34.Qf3 Rc8 35.Rf2 Bf6
36.Qb7 Rb8 37.Rd7 Rxb7 38.Rxd6 Be7 39.Re6 h6 40.c3 Bf6 41.Rc6
Kf7 42.Kg2 Rd7 43.Rc5 Ke6 44.Rxb5 Rc7 45.Rc2 Rc4 46.Kf2 e4 47.Rc5
Rxc5 48.bxc5 Kd5 49.c4+ Kxc5 50.Ke3 Be5 51.g4 g6 52.Kxe4 1-0

[Event "B"]
[Site ""]
[Date "2009.01.31"]
[Round "1.21"]
[White "Rigovich, Albert"]
[Black "Birjukov, Sergey"]
[Result "0-1"]
[WhiteElo "2016"]
[BlackElo "2287"]
[Annotator ""]
[Source ""]
[Remark ""]

1.e4 e6 2.d4 d5 3.Nc3 Nf6 4.Bg5 Be7 5.e5 Ne4 6.Bxe7 Qxe7 7.Bd3
Nxc3 8.bxc3 c5 9.Qg4 O-O 10.Nf3 f5 11.exf6 Qxf6 12.Qh5 g6 13.Qh6
Nc6 14.O-O cxd4 15.cxd4 Nxd4 16.Nxd4 Qxd4 17.Rab1 b6 18.Kh1 Qf4
19.Qxf4 Rxf4 20.f3 Ra4 21.Rb2 Ba6 22.Re1 Kf7 23.Kg1 Rc8 24.Kf2
Rc3 25.Ke2 Rca3 26.Bxa6 Rxa6 27.Ra1 e5 28.Kd2 Ke6 29.c3 R6a4
30.Rc2 Rh4 31.Rh1 h5 32.g3 Rha4 33.Ra1 h4 34.Ke2 g5 35.Kf2 Kd6
36.Ke2 b5 37.Kf2 a5 38.Kg1 Kc5 39.Re1 Rxa2 40.Rxa2 Rxa2 41.Rxe5
a4 42.Rxg5 a3 43.Rg8 Rb2 44.f4 a2 0-1

[Event "B"]
[Site ""]
[Date "2009.01.31"]
[Round "1.22"]
[White "Kuznesov, Andrei"]
[Black "Vashchenko, Jurij"]
[Result "1-0"]
[WhiteElo "2286"]
[BlackElo "2016"]
[Annotator ""]
[Source ""]
[Remark ""]

1.e4 e5 2.Nf3 Nf6 3.Nxe5 d6 4.Nf3 Nxe4 5.Nc3 Nxc3 6.dxc3 Be7
7.Be3 O-O 8.Qd2 Nd7 9.O-O-O Nc5 10.Kb1 Bg4 11.h3 Bh5 12.g4 Bg6
13.Bg2 Ne4 14.Qe1 Re8 15.h4 h6 16.Ne5 Bxh4 17.Nxg6 fxg6 18.Qf1
c6 19.Rd4 Nc5 20.Qc4+ Ne6 21.Rd2 d5 22.Qb3 b5 23.Rxd5 cxd5 24.Bxd5
Bf6 25.Bxe6+ Kh7 26.Bd5 Rb8 27.Bxa7 Qe7 28.Be3 Bg5 29.Bc6 Rf8
30.Bd4 b4 31.c4 Qe6 32.Bd5 Qxg4 33.Ba7 Ra8 34.Bc5 Rfc8 35.Bxb4
Rab8 36.a3 Bd2 37.c3 Re8 38.f3 Qf4 39.Ka2 Re2 40.Qd1 Qe3 41.Qg1
Rf2 42.Be4 Rb6 43.c5 Rf6 44.c6 Qe2 45.Qd1 Qc4+ 46.Qb3 Rxc6 47.Qxc4
Rxc4 48.Kb3 Rc8 49.Rg1 Bg5 50.a4 1-0

[Event "B"]
[Site ""]
[Date "2009.01.31"]
[Round "1.23"]
[White "Sokolov, Boris"]
[Black "Volkov, Sergei"]
[Result "1/2-1/2"]
[WhiteElo "2015"]
[BlackElo "2286"]
[Annotator ""]
[Source ""]
[Remark ""]

1.e4 c5 2.Nf3 d6 3.Bb5+ Bd7 4.Bxd7+ Qxd7 5.O-O Nc6 6.c3 Nf6 7.Re1
g6 8.d4 Bg7 9.d5 Ne5 10.Nxe5 dxe5 11.Nd2 O-O 12.Nc4 Ne8 13.Be3
Nd6 14.Nxd6 exd6 15.f3 f5 16.h3 h5 17.b4 cxb4 18.cxb4 a6 19.Rc1
Rac8 20.Qd2 f4 21.Bf2 g5 22.Qe2 Bf6 23.b5 axb5 24.Rxc8 Rxc8 25.Rb1
Rc4 26.a4 Qc8 27.axb5 Rc2 28.Qd1 Qc4 29.Qf1 Qc8 30.b6 Bd8 31.Qb5
Kf7 32.Qa4 Ke7 33.Qb3 Rc3 34.Qd1 Rc2 35.Qd3 Rc1+ 36.Kh2 Rc2 37.Kg1
Kf7 38.Qd1 Kg6 39.Qd3 Rc3 40.Qb5 Kf7 41.Rb3 Rc1+ 42.Kh2 Be7 43.Rb1
g4 44.Rxc1 g3+ 45.Kh1 Qxc1+ 46.Bg1 Qc8 47.Qb3 Bd8 48.Qb5 Ke7
49.Qb4 Qc2 50.Qb5 Qc3 51.Qb1 Qa5 52.Qb2 Kd7 53.Qb1 Qa4 54.Qb2
Qc4 1/2-1/2

[Event "B"]
[Site ""]
[Date "2009.01.31"]
[Round "1.24"]
[White "Bronnikov, Konstantin"]
[Black "An, Yuriy"]
[Result "1-0"]
[WhiteElo "2285"]
[BlackElo "2014"]
[Annotator ""]
[Source ""]
[Remark ""]

1.e4 c6 2.d4 d5 3.f3 a6 4.Be3 e6 5.Nd2 Nd7 6.Bd3 Qb6 7.b3 e5
8.Ne2 Ne7 9.O-O Ng6 10.Bf2 exd4 11.exd5 Bc5 12.Nc4 Qa7 13.dxc6
bxc6 14.b4 Bxb4 15.Nxd4 Qc7 16.Qe2+ Kf8 17.Rab1 a5 18.a3 Bc5
19.Rfe1 Ba6 20.Qe4 Bb7 21.Bg3 Qc8 22.Bd6+ Kg8 23.Bxc5 Nxc5 24.Qe3
Ba6 25.Nb6 Qb7 26.Nxa8 Qxa8 27.Qe8+ 1-0

[Event "B"]
[Site ""]
[Date "2009.01.31"]
[Round "1.25"]
[White "Pankov, Gennady"]
[Black "Betaneli, Alexander"]
[Result "0-1"]
[WhiteElo "2014"]
[BlackElo "2284"]
[Annotator ""]
[Source ""]
[Remark ""]

1.e4 e5 2.Nf3 Nc6 3.Bb5 a6 4.Ba4 Nf6 5.O-O Be7 6.Re1 b5 7.Bb3
d6 8.h3 O-O 9.c3 Na5 10.Bc2 c5 11.d3 Nc6 12.Be3 Re8 13.Nbd2 Bf8
14.Nf1 d5 15.exd5 Nxd5 16.Bd2 Bf5 17.Ng3 Bg6 18.Bg5 f6 19.Bd2
Kh8 20.Nh4 Bf7 21.Nhf5 Qd7 22.Qf3 Rad8 23.Re4 Nde7 24.Ne3 Bg6
25.Rh4 f5 26.Nef1 Nd5 27.Bg5 Be7 28.Bxe7 Qxe7 29.Rh5 Bxh5 30.Qxh5
g6 31.Qh6 Qf8 32.Qh4 Nf4 33.Nd2 Qe7 34.Qh6 Qg7 35.Nxf5 gxf5 36.Qxc6
e4 37.g3 exd3 38.Bd1 Nxh3+ 39.Kg2 Nf4+ 40.Kf1 Ne2 41.Bxe2 dxe2+
42.Ke1 Qe7 43.Nf3 Qd6 44.Qxd6 Rxd6 45.Ng5 Kg7 0-1

[Event "B"]
[Site ""]
[Date "2009.01.31"]
[Round "1.27"]
[White "Artjushin, Viktor"]
[Black "Khachatryan, Vahagn"]
[Result "0-1"]
[WhiteElo "2010"]
[BlackElo "2283"]
[Annotator ""]
[Source ""]
[Remark ""]

1.e4 Nf6 2.Nc3 e5 3.d4 exd4 4.Qxd4 Nc6 5.Qe3 Bb4 6.Bd2 O-O 7.O-O-O
d6 8.Bc4 Bc5 9.Qe1 Ng4 10.Nh3 Nge5 11.Be2 Bxh3 12.gxh3 Nd4 13.f4
Nef3 14.Bxf3 Nxf3 15.Qg3 Nxd2 16.Rxd2 Bb4 17.Rg2 Bxc3 18.Qxc3
g6 19.f5 Qe7 20.Re1 Rae8 21.Rg4 Qe5 22.Qe3 Kh8 23.fxg6 fxg6 24.h4
Qxh2 25.Re2 Rf1+ 26.Kd2 Qe5 27.c3 Qb5 28.Qd4+ Re5 29.b3 Qa6 30.a4
Rb1 31.Qc4 Rb2+ 32.Kd1 Qxc4 33.bxc4 Rxe2 34.Kxe2 Ra5 35.Kd3 Rxa4
36.h5 Kg7 37.hxg6 hxg6 38.Rg5 Kf6 39.Rd5 b6 40.e5+ dxe5 41.Rd7
c5 42.Rd8 g5 43.Rf8+ Ke6 44.Rg8 Kf5 45.Rf8+ Kg4 46.Re8 Kf4 47.Rf8+
Kg3 48.Re8 g4 49.Rxe5 Kg2 50.Rg5 g3 51.Rg7 Kf2 52.Rf7+ Kg1 53.Rg7
g2 54.Rg8 Ra2 55.Ke3 Rc2 56.Kd3 Rf2 0-1

[Event "B"]
[Site ""]
[Date "2009.01.31"]
[Round "1.28"]
[White "Chapurin, A"]
[Black "Grishaev, Igor"]
[Result "1/2-1/2"]
[WhiteElo "2280"]
[BlackElo "2010"]
[Annotator ""]
[Source ""]
[Remark ""]

1.c4 Nf6 2.Nc3 g6 3.g3 Bg7 4.Bg2 O-O 5.e4 d6 6.Nge2 e5 7.O-O
Be6 8.d3 c6 9.b4 Nh5 10.Rb1 Na6 11.Bd2 f5 12.f4 fxe4 13.Nxe4
Nc7 14.a4 d5 15.Ng5 Bg4 16.Bf3 Bxf3 17.Nxf3 e4 18.dxe4 dxe4 19.Ne1
Qe7 20.Be3 Rfd8 21.Qc2 Nf6 22.Bc5 Qd7 23.Bd4 Re8 24.Rd1 Qh3 25.Bxf6
Bxf6 26.Ng2 Ne6 27.Ne3 Be7 28.c5 a5 29.Qc4 axb4 30.Rd6 Bxd6 31.cxd6
Kh8 32.f5 gxf5 33.d7 Re7 34.Nxf5 Rf8 35.Qxe4 Rxd7 36.Qxe6 Rd5
37.Ned4 b3 38.Qe4 1/2-1/2

[Event "B"]
[Site ""]
[Date "2009.01.31"]
[Round "1.31"]
[White "Beliaev, Vitaly"]
[Black "Kirillov, Igor"]
[Result "1/2-1/2"]
[WhiteElo "2007"]
[BlackElo "2277"]
[Annotator ""]
[Source ""]
[Remark ""]

1.e4 c5 2.c3 Nf6 3.e5 Nd5 4.d4 cxd4 5.Nf3 b6 6.cxd4 e6 7.Nc3
Nxc3 8.bxc3 Qc7 9.Bd2 Bb7 10.Be2 d6 11.O-O Nd7 12.Bf4 Be7 13.Qd2
O-O 14.Rfc1 Rac8 15.a4 Bxf3 16.exd6 Bxd6 17.Bxd6 Qxd6 18.Bxf3
e5 19.Rd1 Nf6 20.a5 b5 21.Rab1 Rb8 22.dxe5 Qxe5 23.Qd4 Qc7 24.Qb4
Rfc8 25.Rbc1 h6 26.h3 Qc5 27.a6 Rc7 28.Qf4 Rb6 29.h4 g5 30.hxg5
hxg5 31.Qg3 Rxa6 32.Rd8+ Kg7 33.Qh3 Nh7 34.Be4 Nf8 35.Rd5 Qe7
36.Qe3 f6 37.Rxb5 Re6 38.f3 Re5 39.Rxe5 Qxe5 40.Ra1 a5 41.Qd4
Qc5 42.g3 Ne6 43.Qxc5 Rxc5 44.Ra3 f5 45.Bd3 Kf6 46.Kf2 Ke5 47.Ke2
Nc7 48.Kd2 Nd5 49.Be2 Nb6 50.Bd3 Nd5 51.Be2 Nb6 1/2-1/2

[Event "B"]
[Site ""]
[Date "2009.01.31"]
[Round "1.34"]
[White "Pavlov, Aleksandr"]
[Black "Martov, Vadim"]
[Result "1-0"]
[WhiteElo "2274"]
[BlackElo "2002"]
[Annotator ""]
[Source ""]
[Remark ""]

1.d4 d5 2.c4 c6 3.Nf3 Nf6 4.Nc3 a6 5.c5 Nbd7 6.Bf4 g6 7.e3 Bg7
8.h3 O-O 9.Bd3 Re8 10.g4 Nf8 11.O-O N6d7 12.e4 dxe4 13.Nxe4 Ne6
14.Be3 Nf6 15.Nc3 Nd5 16.Qd2 Nec7 17.Bh6 Bf6 18.Rae1 Be6 19.Ne4
Bh8 20.Neg5 Qc8 21.Kh2 Bxg4 22.hxg4 Qxg4 23.Re4 Qd7 24.Rh4 Bf6
25.Ne5 Bxe5+ 26.dxe5 Ne6 27.Nxh7 Rad8 28.Bxg6 fxg6 29.Qd3 Ndf4
30.Qg3 Qd3 31.Bxf4 Nxf4 32.Qxf4 Qxf1 33.e6 Rf8 34.Nxf8 Rxf8 35.Rh8+
Kxh8 36.Qxf8+ Kh7 37.Qxe7+ Kh6 38.Qh4+ Kg7 39.Qd4+ Kg8 40.Qf6
Qd3 41.Qf7+ 1-0

[Event "B"]
[Site ""]
[Date "2009.01.31"]
[Round "1.35"]
[White "Rakhmatulaev, Konstantin"]
[Black "Erzhanov, Arman"]
[Result "0-1"]
[WhiteElo "2002"]
[BlackElo "2273"]
[Annotator ""]
[Source ""]
[Remark ""]

1.a3 d5 2.Nf3 c5 3.g3 Nc6 4.Bg2 e5 5.d3 Nf6 6.O-O Be7 7.Nbd2
O-O 8.e4 Be6 9.Nh4 Qd7 10.c4 dxe4 11.dxe4 Rad8 12.Qe1 Qd3 13.f4
Nd4 14.Rf3 Nxf3+ 15.Nhxf3 exf4 16.gxf4 Ng4 17.f5 Bc8 18.Qg3 Qe3+
19.Kf1 Qd3+ 20.Kg1 Qe3+ 21.Kf1 Nf6 22.e5 Nh5 23.Qg4 Nf4 24.b3
Bxf5 25.Qg3 Bd3# 0-1

[Event "B"]
[Site ""]
[Date "2009.01.31"]
[Round "1.36"]
[White "Kozlov, Vladimir N"]
[Black "Tolmachev, Aleksander"]
[Result "1-0"]
[WhiteElo "2269"]
[BlackElo "2002"]
[Annotator ""]
[Source ""]
[Remark ""]

1.c4 e5 2.Nc3 Nf6 3.Nf3 Nc6 4.d3 Bb4 5.Bd2 a5 6.a3 Bc5 7.Bg5
d6 8.e3 Bf5 9.Be2 h6 10.Bh4 Bb6 11.Bxf6 gxf6 12.Nd5 Ba7 13.Nh4
Be6 14.Bg4 Bxd5 15.cxd5 Ne7 16.Qf3 Rg8 17.Rc1 b5 18.h3 Bb6 19.O-O
f5 20.Bxf5 Nxf5 21.Nxf5 Qf6 22.Rc6 Kd7 23.e4 Rg5 24.h4 Rg6 25.Qh3
Rag8 26.Nxh6+ Ke7 27.Nxg8+ Rxg8 28.Rxb6 cxb6 29.Rc1 Qf4 30.Rc7+
Kf6 31.Qd7 Kg6 32.g3 Kh6 33.Qxd6+ Kh5 34.Kg2 1-0

[Event "B"]
[Site ""]
[Date "2009.01.31"]
[Round "1.37"]
[White "Yuganova, Marina"]
[Black "Vardanian, Haik G"]
[Result "0-1"]
[WhiteElo "2000"]
[BlackElo "2269"]
[Annotator ""]
[Source ""]
[Remark ""]

1.c4 Nf6 2.g3 c6 3.Bg2 d5 4.Qc2 g6 5.Nf3 Bg7 6.d3 O-O 7.Nbd2
Re8 8.Rb1 e5 9.e4 dxe4 10.dxe4 Bg4 11.c5 Nbd7 12.b4 Nf8 13.O-O
Bh6 14.Bb2 Bxd2 15.Nxd2 Be2 16.Rfe1 Bd3 17.Qc3 Bxb1 18.Rxb1 N6d7
19.Nc4 Qc7 20.Bh3 b6 21.Nd6 Re7 22.Bc1 Ne6 23.Bxe6 Rxe6 24.Bg5
bxc5 25.bxc5 Nxc5 0-1

[Event "B"]
[Site ""]
[Date "2009.01.31"]
[Round "1.39"]
[White "Knyazev, Nikolay"]
[Black "Volkov, Anton"]
[Result "0-1"]
[WhiteElo "1999"]
[BlackElo "2268"]
[Annotator ""]
[Source ""]
[Remark ""]

1.e4 Nf6 2.e5 Nd5 3.d4 d6 4.c4 Nb6 5.f4 dxe5 6.fxe5 Nc6 7.Be3
Bf5 8.Nc3 e6 9.Nf3 Be7 10.Be2 O-O 11.O-O f6 12.exf6 Bxf6 13.Qd2
Qe7 14.Rad1 Rad8 15.Qc1 h6 16.b3 Kh8 17.h3 Bh7 18.Rf2 Rfe8 19.Bf1
Rd7 20.Re2 Qf7 21.g3 Red8 22.Red2 Nc8 23.Bg2 Nd6 24.d5 exd5 25.Rxd5
Ne4 26.Nxe4 Bxe4 27.Rxd7 Rxd7 28.Rxd7 Qxd7 29.Qd2 Qe6 30.Bf4
Bxf3 31.Bxf3 Qxh3 32.Bg2 Qe6 33.Bd5 Qg4 34.Bxc7 Ne5 35.Kg2 b6
36.a4 Ng6 37.Qe3 Qd7 38.Bb8 Ne7 39.Qe6 Qxe6 40.Bxe6 Nc6 0-1

[Event "B"]
[Site ""]
[Date "2009.01.31"]
[Round "1.40"]
[White "Pechnikov, Artiom"]
[Black "Pokhlebin, Sergej"]
[Result "1-0"]
[WhiteElo "2267"]
[BlackElo "1999"]
[Annotator ""]
[Source ""]
[Remark ""]

1.e4 e5 2.Nf3 Nc6 3.Bb5 a6 4.Ba4 Nf6 5.d3 Bc5 6.c3 d6 7.h3 O-O
8.O-O Ba7 9.Nbd2 Ne7 10.Re1 Ng6 11.Nf1 h6 12.Ng3 Be6 13.d4 b5
14.Bc2 c5 15.a4 cxd4 16.cxd4 b4 17.Be3 a5 18.Qd2 Rc8 19.Rac1
Re8 20.Bd3 Re7 21.d5 Bxe3 22.Qxe3 Bd7 23.b3 Be8 24.Nd2 Rec7 25.Nc4
Ne7 26.h4 Rc5 27.h5 Qc7 28.f4 Nexd5 29.exd5 Nxd5 30.Qd2 Nxf4
31.Bf5 Bd7 32.Bxd7 Rd5 33.Qf2 Nd3 34.Qf5 Qc5+ 35.Kh2 Nxc1 36.Rxc1
e4 37.Qxe4 Rd4 38.Qf3 Re8 39.Rf1 Re7 40.Qa8+ Kh7 41.Bf5+ g6 42.Qf8
gxf5 43.Qxe7 Qd5 44.Rxf5 1-0

[Event "B"]
[Site ""]
[Date "2009.01.31"]
[Round "1.42"]
[White "Musaev, Mansur"]
[Black "Grinenko, Viktor"]
[Result "1/2-1/2"]
[WhiteElo "2266"]
[BlackElo "1994"]
[Annotator ""]
[Source ""]
[Remark ""]

1.e4 e6 2.d4 d5 3.Nc3 Nf6 4.e5 Nfd7 5.f4 c5 6.Nf3 Nc6 7.Be3 Qb6
8.Na4 Qa5+ 9.c3 c4 10.b4 Qc7 11.g3 b6 12.Bh3 a5 13.a3 axb4 14.axb4
b5 15.Nb2 Rxa1 16.Qxa1 Bxb4 17.cxb4 Nxb4 18.O-O Nc2 19.Qc1 Nxe3
20.Qxe3 Nb8 21.g4 h5 22.Ng5 hxg4 23.Bxg4 g6 24.Be2 Qa7 25.Nf3
Nc6 26.Rc1 Ne7 27.Qc3 Bd7 28.Nd1 Bc6 29.Ne3 Nf5 30.Nxf5 gxf5
31.Ra1 Qe7 32.Rb1 Rg8+ 33.Kf2 Kd7 34.Qb4 Qxb4 35.Rxb4 Ra8 36.Rb1
Rb8 37.Rb4 Kc7 38.h4 Kb6 39.Ke3 Ka5 40.Rb1 b4 41.Nd2 b3 42.h5
Ba4 43.h6 Rh8 1/2-1/2

[Event "B"]
[Site ""]
[Date "2009.01.31"]
[Round "1.43"]
[White "Bessarab, Vsevolod"]
[Black "Kazakov, Konstantin"]
[Result "1/2-1/2"]
[WhiteElo "1990"]
[BlackElo "2265"]
[Annotator ""]
[Source ""]
[Remark ""]

1.e4 e5 2.Nf3 Nc6 3.Nc3 d6 4.Bb5 Bd7 5.d4 exd4 6.Nxd4 g6 7.Be3
Bg7 8.Qd2 Nf6 9.f3 O-O 10.O-O-O Nxd4 11.Bxd4 Nxe4 12.Nxe4 Bxb5
13.Bxg7 Kxg7 14.Qd4+ f6 15.Rhe1 Re8 16.g4 Bc6 17.g5 Bxe4 18.Rxe4
Rxe4 19.fxe4 Qe7 20.gxf6+ Qxf6 21.e5 Qxe5 22.Qxe5+ dxe5 23.Rd7+
Kh6 24.Rxc7 Rf8 25.Rxb7 Rf1+ 26.Kd2 Rf2+ 27.Kd3 e4+ 28.Kxe4 Rxc2
29.h3 a5 30.Kf3 a4 31.Rb4 a3 32.bxa3 Rc3+ 33.Kg2 Rxa3 34.Rb2
Kh5 35.Kh2 g5 36.Rc2 h6 37.Rb2 Ra4 38.Rc2 Kh4 39.Rb2 h5 40.Kg2
Ra3 41.Rb4+ g4 42.hxg4 Rxa2+ 43.Kg1 hxg4 44.Rb3 1/2-1/2